| 000 | 00619cam a2200217 a 4500 | ||
|---|---|---|---|
| 001 | 000009370 | ||
| 005 | 20200929161553.0 | ||
| 008 | 920316s1988 sp 000 f spa | ||
| 020 | _a8432246077 | ||
| 035 | _a(DLC) 92132281 | ||
| 040 |
_aDO-SdBNP _cDLC _dDLC |
||
| 082 |
_a863.64 _bN322d |
||
| 100 | 1 |
_aNavarro, Justo, _d1953- _921978 |
|
| 245 | 1 | 3 |
_aEl doble del doble / _cJusto Navarro. |
| 260 |
_aBarcelona : _bSeix Barral, _c1988. |
||
| 300 |
_a141 p. ; _c20 cm. |
||
| 650 | 4 |
_aNovela española _91123 |
|
| 650 | 4 |
_aLiteratura española _ySIGLO XX _93326 |
|
| 910 | _aCatalogación por copia / LC | ||
| 049 | _aBNGR | ||
| 999 |
_c9130 _d9130 |
||